Länder Asiens - Sudden Death - Statistiken

Allgemein
  • Dieses Quiz wurde 1.294 mal gespielt
  • Das Durchschnittsergebnis liegt bei 15 aus 18
Answers on the Grid
Answers color-coded by a green-red scale on the quiz's grid according to % correct below.
Armenien
Brunei
Kirgisistan
Belize
Malawi
Myanmar
Vietnam
Sri Lanka
Barbados
Uruguay
Jemen
Bahrain
Katar
Dschibuti
Andorra
Tadschikistan
Philippinen
Oman
Burkina Faso
Suriname
Nepal
Singapur
Jordanien
Ägypten
Eswatini
Guatemala
Grenada
Aserbaidschan
Türkei
Laos
 
Antwortstatistiken
Antwort % Korrekt
Kirgisistan
93%
Vietnam
93%
Armenien
89%
Katar
88%
Myanmar
88%
Sri Lanka
88%
Philippinen
87%
Brunei
85%
Jemen
85%
Singapur
85%
Tadschikistan
85%
Nepal
84%
Oman
83%
Bahrain
82%
Jordanien
80%
Aserbaidschan
79%
Türkei
79%
Laos
76%
Keine übereinstimmenden Quizze gefunden
Verteilung der Resultate
Anzahl Personen mit jedem Resultat
Perzentil nach korrekt beantworteten Fragen
Ihre Resultats-Entwicklung
Sie haben dieses Quiz noch nicht gespielt